MDQL
is popping MORE tags! Check the
thread
!
Quizzes
Events
Quiz Creation
Community
Videos
Private Events
Remove Ads
Sign In
Join for FREE
Feedback
Dark Mode
Quiz Categories
Sports
Geography
Music
Movies
Television
Just For Fun
Miscellaneous
History
Literature
Language
Science
Gaming
Entertainment
Religion
Holiday
For Kids
Quiz Lab
Recent
Popular Today
Quiz Kudos Today
Editor Picks
Curator Picks
Quizzes by...
Day
Popularity
Type
Ratings
Length
Year
Community
Subscriptions
Recent Discussions
Orange Saloon
Badges
Playlists
Quests
Create
Leaderboards
Showdown
Live 5
Trivia Bingo
Activity
Puzzle Library
Sporcle Events
Private Events
Virtual Trivia
Globe League
Become a Host
Pub Owners
SporcleCon
Opinionation
Our Games
Videos
Blog
Mobile Apps
Partnerships
Remove Ads and Go Orange
Feedback
Gaming
Video Games
Board Games
Card Games
Pokémon
Mario
Nintendo
Minecraft
Console
Toys
Legend of Zelda
Gaming
Video Games
Board Games
Card Games
Pokémon
Mario
Nintendo
Minecraft
Console
Toys
Legend of Zelda
Random Quiz
Search Sporcle
×
Quiz Lab
Quiz Lab
Gaming
MW2
Type in answers that appear in a list
Type in answers that appear in a list
Classic
Best Score? Go Orange.
MW2 Weapons Stats
Can you name the MW2 Weapons (Primary and Secondary)?
By
DRose88
10m
42 Questions
5 Plays
5 Plays
5 Plays
Comments
Comments
Give Quiz Kudos
Give Quiz Kudos
-
- Ratings
hide this ad
Replay
Link that replays current quiz
Next Quiz
Link to next quiz in quiz playlist
You Got
0%
They Got
Avg Score
47%
Avg Friend Score
Upgrade to see
Score Distribution
Jump to the score distribution portion of the page
Score
0/42
Timer
10:00
0
Plays Today
Subcategory of Gun
Weapon
% Correct
Assault Rifle
AK-47
100%
Sniper Rifle
BARRETT .50CAL
100%
Launcher
STINGER
100%
Launcher
JAVELIN
100%
Handgun
DESERT EAGLE
80%
Launcher
RPG-7
80%
Assault Rifle
M4A1
60%
Assault Rifle
FAMAS
60%
Assault Rifle
SCAR-H
60%
Assault Rifle
TAR-21
60%
Assault Rifle
ACR
60%
Sub-
Machine Gun
VECTOR
60%
Sub-
Machine Gun
MINI-UZI
60%
Sniper Rifle
INTERVENTION
60%
Sniper Rifle
WA2000
60%
Shotgun
SPAS-12
60%
Shotgun
MODEL 1887
60%
Handgun
M9
60%
Launcher
THUMPER
60%
Assault Rifle
FAL
40%
Assault Rifle
F2000
40%
Subcategory of Gun
Weapon
% Correct
Sub-
Machine Gun
MP5K
40%
Sub-
Machine Gun
UMP45
40%
Sub-
Machine Gun
P90
40%
Light Machine Gun
MG4
40%
Light Machine Gun
AUG HBAR
40%
Sniper Rifle
M21 EBR
40%
Machine Pistol
G18
40%
Machine Pistol
M93 RAFFICA
40%
Shotgun
AA-12
40%
Shotgun
STRIKER
40%
Shotgun
RANGER
40%
Handgun
USP .45
40%
Light Machine Gun
RPD
20%
Machine Pistol
PP2000
20%
Machine Pistol
TMP
20%
Shotgun
M1014
20%
Handgun
.44 MAGNUM
20%
Assault Rifle
M16A4
0%
Light Machine Gun
L86 LSW
0%
Light Machine Gun
M240
0%
Launcher
AT4-HS
0%
Quiz Playlist
Details
Report
Send in Message
Add To Playlist
Classic:
Type in answers that appear in a list
Last Updated: Feb 16, 2017
Quiz Scoreboard
CHALLENGE
Sign Up to Join the Scoreboard
Show All
Scores
Hide
Comments
May contain spoilers
Recently Published
Image Sorting: Flags VI
by Barbecue
Geography
2m
Find the 'City' Movie
by crazypaving
Movies
60s
Colored Red Africa Blitz
by spor1
Geography
45s
More to Explore
Quiz From the Vault
Featured Blog Post
14 Easter Pick-up Lines to Find Eggs With
hide this ad
You Might Also Like...
Tags
gun
MW2
Primary
Secondary
Weapons
Today's Top Quizzes in Gaming
Browse Gaming
hide this ad
Top Contributed Quizzes in Gaming
1
League of Legends Pro Players by Career/Team History
2
Destiny 2 exotic weapons by perk icons
3
Genshin Impact Logic Puzzle
4
Genshin murder mystery
5
Dead By Daylight Logic Puzzle
6
4x4 Decades: Video Games
7
Ultimate Genshin Impact Logic Puzzle (up to 4.3)
8
Overwatch Logic Puzzle
9
Who's on the WWE 2K24 Cover?
10
Overwatch 2: Ultimate Ability Icons
Explore More
Trending Topics
Crossword
Anime
NBA
Disney
Harry Potter
Marvel
Kpop
Puzzle
Country
NFL
The Office
WWE
Song
Pokémon
Soccer
hide this ad
More By:
DRose88
Quiz
Plays
Rating
Category
Featured
Created
MW3 Weapons
409
2.67
Gaming
Apr 19, 2012
Go to Creator's Profile
Score Distribution
Quiz Creator Spotlight
DRose88
Follow
Send a Message
Quizzes Created
-
Created Quiz Play Count
-
More By This Creator
Popular Quizzes Today
1
Colored Red Africa Blitz
2
Find the US States - No Outlines Minefield
3
Find the 'City' Movie
4
5x2 Blitz: Bands
5
The Countries of the World
6
Find the US States
7
Find the Countries of Europe - No Outlines Minefield
8
US States
More Gaming Quizzes
Today in Video Games: April
Quiz Lab
Trending Quizzes
Colored Red Europe Blitz I
Colored Red Africa Blitz II
Colored Red Europe Blitz II
Colored Red Africa Blitz III
Colored Red Europe Blitz III
Recently Updated
How Do You Spell That?
pecheneg
Godzilla Movies
pecheneg
Grab Bag: 4-10 Letters
pecheneg
2024 March Madness Bracket
pecheneg
Famous TV Couples
Peacemaker
Champions League XIs: Real Madrid
pecheneg
Largest US Cities 1790-2010
pecheneg
Rides in Walt Disney World
pecheneg
Most Oscar Losses (Acting)
pecheneg
Beyoncé Albums
pecheneg
Trending Topics
Anime
Crossword
NBA
Harry Potter
Disney
Marvel
Kpop
WWE
Soccer
Song
Country
NFL
Pokémon
Puzzle
The Office
Your Account Isn't Verified!
In order to create a playlist on Sporcle, you need to verify the email address you used during registration. Go to your
Sporcle Settings
to finish the process.
Report this User
Report this user for behavior that violates our
Community Guidelines
.
Details:
Send Report
Go to the Sporcle.com Mobile Site →
Comments